Markov decision processes: discrete stochastic dynamic programming

Đã lưu trong:
Chi tiết về thư mục
Tác giả chính: Puterman, Martin L (Tác giả)
Định dạng: Sách
Ngôn ngữ:Tiếng Anh
Được phát hành: Hoboken John Wiley and Sons 2005
Loạt:Wiley Series in Probability and Statistics
Những chủ đề:
Các nhãn: Thêm thẻ
Không có thẻ, Là người đầu tiên thẻ bản ghi này!

MARC

LEADER 00000cam a2200000 a 4500
001 UCF9245
003 CL-VaPUC
008 131111e20050000us |||||||||||||||||eng|d
020 |a 9780471727828 
082 0 4 |a 519.233  |b PUT  |2 21 
100 0 |a Puterman, Martin L  |e author  |9 571505 
245 1 0 |a Markov decision processes: discrete stochastic dynamic programming 
300 |a 649 p 
942 |c BK 
945 |d 20131111 15:03:00  |a cmena 
260 |a Hoboken  |b John Wiley and Sons  |c 2005 
650 0 |a Procesos estocásticos   |9 260364 
650 0 |a Procesos de Markov  |9 270451 
583 |a last modification  |c 20131111 15:03:00  |k Rodrigo Vera 
490 0 |a Wiley Series in Probability and Statistics 
999 |c 353718  |d 353716 
952 |0 0  |1 0  |3 erb  |4 0  |6 519_233000000000000_PUT_2005  |7 0  |8 A  |9 459080  |a BIBMAT  |b BIBMAT  |d 2019-11-23  |i 502613K  |o 519.233 PUT 2005  |p 502613K  |r 2025-01-07  |w 2019-11-23  |y BK  |z Catalogado en:20131111  |k MAT